Analýza konštrukcií prívesných vozíkov k 4-kolesovým motocyklom, koncepčný návrh vozíka pre viacúčelové použitie

Salvato in:
Dettagli Bibliografici
Autore principale: Repko, Marek, 1988- (Autore)
Altri autori: IZRAEL, Gregor (Relatore della tesi)
Natura: Manoscritto Libro
Lingua:slovacco
Pubblicazione: Bratislava : STU v Bratislave SjF, 2011
Soggetti:
Accesso online:VAIS
Tags: Aggiungi Tag
Nessun Tag, puoi essere il primo ad aggiungerne!!

MARC

LEADER 00000ntm a22000003a 4500
001 stu240098
005 20150617230206.1
008 111210s2011----xo------------------slo-d
040 |a STU  |b slo 
041 0 |a slo 
044 |a xo 
100 1 |a Repko, Marek,  |d 1988-  |4 aut  |u J  |T SjF Strojnícka fakulta  |X 41122  |U J  |Y 20  |7 A000041122 
242 0 0 |a Analysis of how the conceptual design of construction trailers for four-wheel motorcycles can be adapted for multi-purpose use.  |y eng 
245 1 |a Analýza konštrukcií prívesných vozíkov k 4-kolesovým motocyklom, koncepčný návrh vozíka pre viacúčelové použitie 
260 |a Bratislava :  |b STU v Bratislave SjF,  |c 2011 
650 7 |a automobily, lode a spaľovacie motory  |2 stusub 
650 7 |a Automobiles, Ships and Combustion Engines  |2 estusub 
650 7 |a solid body  |2 estusub 
700 1 |a IZRAEL, Gregor  |4 ths  |u J0030  |U SjF Strojnícka fakulta  |T SjF Ústav dopravnej techniky a konštruovania  |U J0030  |Y 806 
856 4 |a info a plný text  |u http://is.stuba.sk/zp/portal_zp.pl?podrobnosti=83939  |3 VAIS 
996 |b 284J041941  |c J*1175/BP  |l JJSK  |s A  |a 24  |w stu240098_0001